000
00222nam a2200097Ia 4500
008
240331s9999 xx 000 0 und d
082
_b
AGA
100
_a
Agastiyar, S
245
0
_a
Oru nootandin Iru Tamil navalkal
942
_c
L
999
_c
4059
_d
4059